000 00431nam a2200169Ia 4500
003 OSt
005 20260321095923.0
008 211028s2018 xx 000 0 und d
040 _cAIMIT LIBRARY
041 _aeng
100 _aNoronha, Loy; Suchetha, V.
_g151746
_95020
110 _aSuchetha Vijay.
_95021
245 _aVeda-store /
260 _aMangalore
_c2018
710 _aAce Management Service
_95022
942 _2ddc
_cPRO
999 _c217766
_d217766